Les marques - de A à Z. - Statistiques

Statistiques générales
  • Ce quiz a été pris 136 699 fois
  • Le résultat moyen est 18 sur 26
Statistiques - réponses
Lettre Question Réponse % Correct
C Son principal "concurrent" est Pepsi Coca-Cola
99%
B Société française fondée en 1945, principalement connue pour ses stylos Bic
98%
A Célèbre marque aux trois bandes Adidas
96%
I Magasin de meubles suédois Ikea
92%
K Surprise, Country ou Pingui Kinder
88%
N NES, Switch ou Game Boy Nintendo
87%
P Moyen de paiement en ligne PayPal
87%
D Célèbre marque d’électroménager, connue notamment pour ses aspirateurs balais Dyson
86%
O Opérateur téléphonique français Orange
86%
F Marque d'automobiles commercialisant la Focus Ford
84%
Q Chaîne de restauration rapide créée en Belgique, concurrent de McDonald's Quick
84%
G Marque de rasoir qui a pour slogan "La perfection au masculin" Gillette
81%
H Marque d'automobiles et de motos japonaise fondée en 1948 Honda
76%
M Multinationale informatique américaine, fondée en 1975 par Bill Gates et Paul Allen Microsoft
73%
E Site d'enchère en ligne eBay
69%
S Marque commercialisant la PlayStation Sony
69%
J Whisky Américain Jack Daniel's
68%
R Boisson alcoolisée "à l'anis" Ricard
67%
X Notamment connu pour ses smartphones, comme le Redmi Xiaomi
57%
V Golf, Polo ou Touran Volkswagen
53%
Z Marque de vêtements de mode pour enfants et adultes de la société espagnole Inditex Zara
53%
U Entreprise de mise en contact d'utilisateurs avec des conducteurs réalisant des services de transport Uber
50%
Y Marque de produits laitiers, fondée en 1912 Yoplait
38%
L Célèbre pour son modèle 501 Levi's
35%
T Son slogan publicitaire est "___, deux doigts coupent faim" Twix
27%
W Vend des produits pour la perte de poids Weight Watchers
26%
Aucun quiz correspondant
Distribution des résultats
% des personnes avec chaque résultat
Percentile par nombre de réponses
Votre historique - résultats
Vous n’avez pas pris ce quiz